| 000 | 00469nam a2200181Ia 4500 | ||
|---|---|---|---|
| 001 | 4429 | ||
| 005 | 20260306145755.0 | ||
| 008 | 260306t1992||||xx |||||||||||||| ||spa|| | ||
| 041 | _aESP | ||
| 082 |
_a321.8 _bP87 |
||
| 100 |
_aFerrero Costa, Eduardo (ed.) _eAUT |
||
| 245 | 0 | _aProceso de retorno a la institucionalidad democrática en el Perú | |
| 260 | _c1992 | ||
| 300 |
_a276 páginas : _c20 cm. |
||
| 650 | _aGEN | ||
| 654 | _aCDE | ||
| 942 |
_cLIB _dJUS _fJUS _2ddc _n |
||
| 999 |
_c4429 _d4429 |
||